000 00792nam a22002537a 4500
005 20170624124517.0
010 _aENG-104285
020 _a9780071333351
_c550.00
020 _a0071333355
_c550.00
035 _aEN -87818
035 _aB-491460-462
037 _bDBAD/PUB
037 _bLiteracy House/Ven
082 _a336.54
100 _aKhan, M.Y.
245 _aIndian financial system /
_cby M. Y. Khan
250 _a7th ed
260 _aNew Delhi
_bTata McGraw Hill
_c2011
270 _a7 West Patel Nagar
_bNew Delhi
_e110008
300 _aVarious pagings
_c24cm(pbk)
500 _aIncludes index
942 _2ddc
_cEN
_mKHA
_h336.54
999 _c58970
_d58970